| 000 | 00555nam a22002057a 4500 | ||
|---|---|---|---|
| 003 | OSt | ||
| 005 | 20140310183050.0 | ||
| 008 | 130227t xxu||||| |||| 00| 0 eng d | ||
| 020 | _a9718513587 | ||
| 050 |
_aTK 6655 _b.M478 1991 |
||
| 082 |
_aFIL 621.388337 _bM13 1991 |
||
| 245 |
_aTroubleshooting & repairing VCRs / _cMcComb, Gordon. |
||
| 260 |
_aNew York : _bTAB Books, _c1991 |
||
| 300 | x |
_axvii, 413 p. ; _c22 cm _bill. : |
|
| 521 | _aCollege Students | ||
| 526 | _c1210L-1700L | ||
| 541 | _j1 | ||
| 562 | _e1 | ||
| 942 |
_2lcc _cBK _kFIL |
||
| 999 |
_c18640 _d18640 |
||